| 000 | 00623nam a2200217Ia 4500 | ||
|---|---|---|---|
| 005 | 20250923150254.0 | ||
| 008 | 008 250917s9999 xx 000 0 eng d | ||
| 037 | _aTextual | ||
| 040 |
_aDSWL _beng _cDSWL |
||
| 041 |
_aeng _2eng |
||
| 084 |
_aY:6:6, P6 _qDSWL |
||
| 100 |
_aJunne, Gerd _9844143 |
||
| 245 | 0 |
_aPost conflict development : Meeting new challenges _cby Gerd Junne |
|
| 260 |
_aNew Delhi _b Viva Books _c2006 |
||
| 300 | _avii,371 p. | ||
| 365 |
_aINR _b695 . 0 |
||
| 650 |
_a Willemijh VERKOREN _9844144 |
||
| 925 | _g695 . 0 | ||
| 942 |
_cTEXL _hY:6:6, P6 |
||
| 999 |
_c1461527 _d1461527 |
||